000 00874nam a22002772 4500
001 9070
003 BD-RjUL
005 20211208234718.0
008 140120r19721966i a b 001 0 eng
035 _a(BD-RjUL)9115
040 _aDLC
_cDLC
_dUKM
_dEQO
_dBD-RjUL
_beng
041 _aeng
082 0 4 _a539.72112
_218
_bAND 1972
100 1 _aAnderson, David L.
_928159
245 1 4 _aThe discovery of the electron :
_bthe development of the atomic concept of electricity /
260 _aNew Delhi :
_bAffiliated east-west press,
_c1966 [reprinted 1972]
300 _avi, 138 p. :
_billus. ;
_c21 cm.
490 0 _aVan Nostrand momentum books,
_vno. 3
504 _aIncludes bibliographical reference and index.
650 0 _aElectrons.
_927747
650 0 _aElectricity.
_928160
650 0 _aX-rays.
_927544
942 _2ddc
_cBK
999 _c9070
_d9070